02025nam a22003134a 4500001001200000003000800012006001900020007001500039008004100054010001700095020002200112020002200134040002100156035002100177050002800198082001200226100002300238245008500261260004400346300001500390504006400405505086800469533015201337600003301489655002901522710001701551856012601568999001701694ebr10285049CaPaEBRm u cr cn|||||||||050811s2006 enk sb 001 0 eng  z 2005023356 z0826478298 (hbk.) z0826478301 (pbk.) aCaPaEBRcCaPaEBR a(OCoLC)64680667314aB2430.D454bC647 2006eb04a1942221 aColebrook, Claire.10aDeleuzeh[electronic resource] :ba guide for the perplexed /cClaire Colebrook. aLondon ;aNew York :bContinuum,c2006. aix, 178 p. aIncludes bibliographical references (p. 169-173) and index.0 aCinema, thought and time -- Deleuze's cinema books -- Technology -- Essences -- Space and time -- Bergson, time, and life -- The movement-image -- The history of time and space and the history of cinema -- The movement-image and semiotics -- Styles of sign -- The whole of movement -- Image and life -- Becoming-inhuman, becoming imperceptible -- The deduction of the movement-image -- Art and time -- Destruction of the sensory motor apparatus and the spiritual automaton -- Time and money -- Art and history -- Monument -- Framing, territorialization, and the plane of composition -- Politics and the origin of meaning -- Transcending life and the genesis of sense -- Beyond symbolic and imaginary -- Shit and money -- Exchange, gift, and theft -- The fiction of mind -- Collective investment and group fantasy -- The time of man -- The intense germinal influx. aElectronic reproduction.bPalo Alto, Calif. :cebrary,d2013.nAvailable via World Wide Web.nAccess may be limited to ebrary affiliated libraries.10aDeleuze, Gilles,d1925-1995. 7aElectronic books.2local2 aebrary, Inc.40uhttp://site.ebrary.com/lib/rucke/Doc?id=10285049zAn electronic book accessible through the World Wide Web; click to view c17574d17574